| 000 | 00416nam a22001697a 4500 | ||
|---|---|---|---|
| 003 | OSt | ||
| 008 | 210204b ||||| |||| 00| 0 eng d | ||
| 020 | _a9788185731872 | ||
| 082 | _a614.1 JAT | ||
| 100 | _a Jain, N.K | ||
| 245 | _aTextbook of Forensic Pharmacy | ||
| 250 | _a8th | ||
| 260 |
_aNew Delhi _b Vallabh Prakashan, _c2018 |
||
| 300 | _a520 | ||
| 650 | _aPharmaceutical Jurisprudence | ||
| 942 |
_2ddc _cBK |
||
| 999 |
_c10406 _d10406 |
||